000 01319nam a2200277 a 4500
003 BLK
005 20240520161235.0
008 210302b bu |||||r|||| 00| 0 bu d
020 _a9786197632057
040 _aBLK
041 _aBUL
_cBUL
080 _aИздания за деца и юноши. Книжки-картинки. Читанки. Вж и 372.4
_b087.5
_z087.5:51
100 _91299
_aЗверкова, Юлия Викторовна
_eпърви автор
139 _aЗверкова, Юлия Викторовна
245 _aУроци по писане : да пишем цифри, да решаваме задачи : напиши и изтрий
_cЮлия Зверкова
260 _9216067
_aСофия
_bИна
_c2021
_f([София] : [Циан])
_n978-954-9328-
300 _a[20] с. : с цв. ил.
_c24 см
380 _aDN
490 _9492564
_aВеселият Топчо : упражнения и задачи
500 _aКор. опис. Прев. от рус. ез.
650 7 _9156301
_aИзвънкласна и извънучилищна работа - по математика - учебни помагала
852 _aЦб 322621
_bЦб
856 _i0.00
_ldisable
942 _cKNG
_n0
_s1
944 _cНора Радева
_k30545
_lНора Радева
_a30545
999 _c510710
_d510710